Stolice starych województw w dzisiejszych województwach - Statystyki

Ogólne statystyki
  • Ten quiz został rozwiązany 373 razy
    359 od ostatniego zresetowania
  • Średni wynik to 37 z 49
Statystyki odpowiedzi
lp. Województwo Stolice % Poprawnych
Warszawa
95%
13 Pomorskie Gdańsk
90%
Poznań
90%
9 Małopolskie Kraków
89%
Łódź
89%
16 Opolskie Opole
89%
Toruń
89%
7 Podlaskie Białystok
88%
8 Kujawsko-Pomorskie Bydgoszcz
88%
Lublin
88%
Szczecin
88%
Wrocław
88%
Zielona Góra
88%
14 Lubuskie Gorzów Wielkopolski
87%
Katowice
87%
15 Świętokrzyskie Kielce
87%
Rzeszów
87%
Olsztyn
86%
Radom
86%
Częstochowa
81%
11 Warmińsko-Mazurskie Elbląg
79%
Płock
79%
Suwałki
79%
12 Zachodniopomorskie Koszalin
77%
2 Wielkopolskie Kalisz
74%
Legnica
73%
Przemyśl
73%
Zamość
72%
Tarnów
71%
10 Śląskie Bielsko-Biała
70%
Nowy Sącz
70%
Konin
69%
Wałbrzych
68%
4 Dolnośląskie Jelenia Góra
67%
6 Łódzkie Piotrków Trybunalski
67%
Słupsk
66%
Włocławek
66%
Chełm
65%
Siedlce
65%
5 Podkarpackie Krosno
62%
Piła
62%
3 Lubelskie Biała Podlaska
61%
Łomża
61%
Leszno
59%
Tarnobrzeg
56%
Ostrołęka
55%
Skierniewice
55%
1 Mazowieckie Ciechanów
50%
Sieradz
49%
Nie znaleziono quizów pasujących do podanych kryteriów
Rozkład punktacji
Procent ludzi z każdym wynikiem
Percentyl według liczby udzielonych odpowiedzi
Twoja historia wyników
Nie rozwiązałeś tego quizu od ostatniego zresetowania